Multiple Choice City Quiz - Szczecin - Statistics

General Stats
  • This quiz has been taken 27 times
  • The average score is 7 of 10
Answer Stats
Question Answer % Correct
Which of these borders is Szczecin located near? German
96%
Which animal is present on the city's coat of arms? Griffin
92%
Which of these rivers passes through the city? Oder
88%
Szczecin is the capital of which Polish Voivodeship? West Pomeranian
88%
In which year did Poland regain the city? 1945
83%
How is Szczecin spelt in Polish? Szczecin
75%
Which of these Russian rulers were born in Szczecin? Catherine the Great
63%
Who or what is the namesake of Szczecin-Goleniów Airport? Solidarity
58%
Which future King of Poland was married in Szczecin? Przemysł II
33%
In which century was the settlement established? 8th
21%
No matching quizzes found
Score Distribution
Percent of People with Each Score
Percentile by Number Answered
Your Score History
You have not taken this quiz